00250nam a2200085 a 450000500170000000800410001705000230005810000200008124500630010120140414131959.0110214s19uu xx 00 eng d aTR 372.7bM69 2001 aMitchell, Cindi aGreeat graph art to build early math skills :bGrades 1-2.